000 00361nam a2200145Ia 4500
008 150201s2006 xx 000 0 und d
082 _a617.525
_bC2006P
100 _aPETERSON,LARRY
245 _aCONTEMPORARY ORAL & MAXILLOFACIAL SURGERY
250 _a4TH
260 _bMOSBY
_aDELHI
_c2006
300 _a1-776
650 _aORAL SURGERY
942 _2ddc
_cBK
_012
999 _c3521
_d3521